000 00585 a2200205 4500
020 _a0-534-37668-1
040 _aDLC
082 0 _a005.13
_b3
082 0 _a005.13
_b3
082 0 _a005.73
100 1 _aDrozdek, Adam
245 0 0 _aData structures and algorithms in Java
_cAdam Drozdek
260 _aPacific Grove, CA :
_bBrooks/Cole Pub,
_ccop. 2001
300 _axvii, 622 s. :
_bill.
650 0 _aJava (Computer program language)
650 0 _aData structures (Computer science)
650 0 _aComputer algorithms
650 0 _aData structures
942 _cBK
_k005.133 DRO
_2ddc
999 _c5893
_d5893